00681nam a2200241 a 4500001001300000003000900013005001700022008004100039020001000080082001900090100002300109245003500132260001900167300000900186500003500195505001600230650002300246700002300269902000800292942000700300952011900307999001300426nice12345678IN_TiNIC20260116011353.0050524s1931 kana grp 000 0 ara  ac10000a297.1227bSIY2 aSiyuti, Jalaluddin aTafseer-I-Jalalain Ma Kamalain aKanpurbc1931 a512p aincludes index and biblioraphy2 aArabic-Urdu aQuran-Hermeneutics1 aSiyuti, Jalaluddin bSRS cBK 001040708StackRoom-aHMIbHMId2007-08-03g100.00l0o297.1227 SIY2p00164r2007-08-03v100.00w2005-05-24yBK c934d934